Nezamestnanosť a čo s ňou

Tienisté stránky transformácie ekonomiky a reformnej politiky SR. Nezamestnanosť ako vážny sociálny problém. Európska politika zamestnanosti. Komparácia základných atribútov európskej a americkej politiky zamestnanosti. Charakteristika jednotlivých národných politík zamestnanosti EÚ.

Uložené v:
Podrobná bibliografia
Hlavný autor: Juríčková, Vilma
Ďalší autori: Staněk, Peter
Médium: Kapitola
Jazyk:Slovak
Predmet:
Tagy: Pridať tag
Žiadne tagy, Buďte prvý, kto otaguje tento záznam!

MARC

LEADER 00000naa a2200000 4500
001 r040126
005 20230927091116.8
041 0 |a slo 
044 |a SK 
245 1 0 |a Nezamestnanosť a čo s ňou  |c Vilma Juríčková, Peter Stanek 
520 |a Tienisté stránky transformácie ekonomiky a reformnej politiky SR. Nezamestnanosť ako vážny sociálny problém. Európska politika zamestnanosti. Komparácia základných atribútov európskej a americkej politiky zamestnanosti. Charakteristika jednotlivých národných politík zamestnanosti EÚ. 
610 2 0 |a zamestnanosť 
610 2 0 |a trh práce 
610 2 0 |a nezamestnanosť 
610 2 0 |a Európska únia 
610 2 0 |a USA 
610 2 0 |a hospodárstvo trhové 
610 2 0 |a politika zamestnanosti 
610 2 0 |a podnikatelia 
610 2 0 |a rast hospodársky 
100 1 |a Juríčková, Vilma 
700 1 |a Staněk, Peter